| 000 -ლიდერი |
| ფიქსირებული სიგრძის საკონტროლო ველი |
01629nam a22002897a 4500 |
| 003 - საკონტროლო ნომრის იდენტიფიკატორი |
| საკონტროლო ველი |
Ge_BSU |
| 005 - ბოლო ოპერაციის თარიღი და დრო |
| საკონტროლო ველი |
20210304132306.0 |
| 008 - ფიქსირებული სიგრძის მონაცემთა ელემენტები - ზოგადი ინფორმაცია |
| ფიქსირებული სიგრძის საკონტროლო ველი |
210304s2019ge xxu||||| |||| 00| 0 geo d |
| 020 ## - წიგნის საერთაშორისო სტანდარტული ნომერი |
| International Standard Book Number |
9789941818431 |
| 041 ## - ენის კოდი |
| Language code of text/sound track or separate title |
geo |
| 080 ## - უნივერსალური ათობითი კლასიფიკაციის ინდექსი |
| Universal Decimal Classification number |
338.24(02).43ბ-25 |
| 100 ## - მთავარი ჩანაწერი - პიროვნების სახელი |
| Personal name |
ბარინგერი. ბრუს. რ |
| 9 (RLIN) |
10329 |
| 245 ## - ცნობა სათაურის შესახებ |
| Title |
მეწარმეობა: |
| Remainder of title |
ახალი საწარმოს წარმატებული წამოწყებისთვის / |
| Statement of responsibility, etc |
ბრუს რ. ბარინგერი, რ. დაუენ აირლენდი, მთარგმნელები. : შ. მაჭავარიანი, ნ. ჭიღვაია,თ. ღერკენაშვილი. და სხვ. |
| 250 ## - გამოცემის ცნობა |
| Edition statement |
მე -6 . გამოცემა |
| 264 ## - წარმოების, გამოცემის, დისტრიბუციის და სხვა ცნობები |
| გამოცემის, წარმოების, დისტრიბუციის... ადგილი |
თბილისი: |
| გამოცემის, წარმოების, დისტრიბუციის... სახელწოდება |
საგა, |
| გამოცემის, წარმოების, დისტრიბუციის... თარიღი |
2019. |
| 300 ## - ფიზიკური აღწერა |
| Extent |
597 გვ.: |
| Other physical details |
ილუსტრ. |
| Dimensions |
30სმ. |
| 504 ## - BIBLIOGRAPHY, ETC. NOTE |
| Bibliography, etc |
ბიბლიოგრ.. გვ:. 40,78,119,158,193,232,273,309,342,380,422,461,193, 529 |
| 653 ## - INDEX TERM--UNCONTROLLED |
| Uncontrolled term |
ეკონომიკური პოლიტიკა |
| 653 ## - INDEX TERM--UNCONTROLLED |
| Uncontrolled term |
მართვა |
| 653 ## - INDEX TERM--UNCONTROLLED |
| Uncontrolled term |
დაგეგმვა ეკონომიკაში |
| 653 ## - INDEX TERM--UNCONTROLLED |
| Uncontrolled term |
ეკონომიკა |
| 700 ## - ADDED ENTRY--PERSONAL NAME |
| Personal name |
აირლენდი, რ. დაუენ |
| 9 (RLIN) |
10330 |
| 700 ## - ADDED ENTRY--PERSONAL NAME |
| Personal name |
მაჭავარიანი, შ |
| Relator term |
მთარგმნელი |
| 9 (RLIN) |
10331 |
| 700 ## - ADDED ENTRY--PERSONAL NAME |
| Personal name |
ჭიღვაია, ნ |
| Relator term |
მთარგმნელი |
| 9 (RLIN) |
10332 |
| 700 ## - ADDED ENTRY--PERSONAL NAME |
| Personal name |
ღერკენაშვილი, თ |
| Relator term |
მთარგმნელი |
| 9 (RLIN) |
10333 |
| 942 ## - ADDED ENTRY ELEMENTS (KOHA) |
| Source of classification or shelving scheme |
|
| Koha item type |
წიგნი |